Sanat - "Kävi mitä kävi sul on mut" -Viivi - Statistics

Yleistilastot
  • Tätä visaa on pelattu 70 kertaa
  • Keskiarvotulos 176 / 239
Vastaustilastot
Vastaus % Oikein
et
100%
sul
96%
ja
92%
kävi
92%
92%
92%
mitä
92%
mut
92%
92%
Vaik
92%
vaik
92%
on
88%
että
83%
ikinä
83%
kipinä
83%
nyt
83%
ois
83%
sammuu
83%
voi
83%
ettet
79%
ihmeit
79%
niin
79%
sun
79%
sussa
79%
tapahtua
79%
aika
75%
beibi
75%
en
75%
lentää
75%
maailma
75%
muista
75%
päättää
75%
peli
75%
repinyt
75%
siipes
75%
tää
75%
unelmasi
75%
vaikka
75%
alat
71%
luovuttaa
71%
niinku
71%
pelkään
71%
sirpaleina
71%
täytyy
71%
vaan
71%
vois
71%
ajatella
67%
anna
67%
etten
67%
helvetin
67%
kaa
67%
kaikki
67%
läpi
67%
lupaa
67%
saa
67%
siihen
67%
sulle
67%
täytyy
67%
uskoo
67%
vannon
67%
hävii
63%
tän
63%
hajoais
58%
käsiin
58%
tuu
58%
tuun
58%
uskoa
46%
koskaan
42%
pois
42%
lähtee
38%
sua
38%
Ei
33%
tiiä
33%
auttaa
29%
näitä
29%
oikeita
29%
paikkaa
29%
pimeään
29%
samoja
29%
sanoja
29%
siks
29%
toistan
29%
mukaan
25%
sinne
25%
tahtoisin
25%
tulla
25%
itsestäänselvyytenä
21%
käydä
21%
paljon
21%
pidetään
21%
pitänyt
21%
mitään
17%
tällästä
17%
Ehtoja vastaavia visoja ei löytynyt
Tulosjakauma
Jokaisen tuloksen saaneiden osuus
Persentiili vastausten määrän mukaan
Tuloshistoriasi
Et ole pelannut tätä visaa